Detalles MARC
| 000 -CABECERA |
| campo de control de longitud fija |
01349nam a2200253 a 4500 |
| 001 - NÚMERO DE CONTROL |
| campo de control |
000027291 |
| 005 - FECHA Y HORA DE LA ÚLTIMA TRANSACCIÓN |
| campo de control |
20200930030729.0 |
| 008 - DATOS DE LONGITUD FIJA--INFORMACIÓN GENERAL |
| campo de control de longitud fija |
110331t2001 dr ach 001 0bspa d |
| 040 ## - FUENTE DE LA CATALOGACIÓN |
| Centro catalogador/agencia de origen |
DO-SdBNP |
| Lengua de catalogación |
spa |
| Centro/agencia transcriptor |
BNPHU |
| 082 ## - NÚMERO DE LA CLASIFICACIÓN DECIMAL DEWEY |
| Número de clasificación |
540.92 |
| Número de documento/Ítem |
N769C |
| 049 ## - FONDOS LOCALES (OCLC) |
| Fondos de biblioteca |
BNPD |
| 100 1# - ENTRADA PRINCIPAL--NOMBRE DE PERSONA |
| Nombre de persona |
Campillo Pérez, Julio Genaro, |
| Fechas asociadas al nombre |
1922-2001 |
| 9 (RLIN) |
38918 |
| 245 10 - MENCIÓN DE TÍTULO |
| Título |
Emilio Noelting : |
| Resto del título |
un químico dominicano que iluminó a Europa / |
| Mención de responsabilidad, etc. |
Julio Genaro Campillo Pérez. |
| 260 ## - PUBLICACIÓN, DISTRIBUCIÓN, ETC. |
| Lugar de publicación, distribución, etc. |
Santo Domingo : |
| Nombre del editor, distribuidor, etc. |
Academia Dominicana de la Historia, |
| Fecha de publicación, distribución, etc. |
2001. |
| 300 ## - DESCRIPCIÓN FÍSICA |
| Extensión |
vii, 213 p. : |
| Otras características físicas |
il., facsíms., retrs. ; |
| Dimensiones |
23 cm. |
| 490 1# - MENCIÓN DE SERIE |
| Mención de serie |
Fondo para la historia de la República Dominicana |
| -- |
B |
| Designación de volumen o secuencia |
2 |
| 504 ## - NOTA DE BIBLIOGRAFÍA, ETC. |
| Nota de bibliografía, etc. |
Incluye bibliografía y notas al pie de páginas. |
| 505 0# - NOTA DE CONTENIDO CON FORMATO |
| Información miscelánea |
Homenaje a Domingo Emilio Noelting Juliá en el 150 aniversario de su natalicio -- |
| Título |
Cronología de Domingo Emilio Noelting Juliá (1851-1922) -- |
| -- |
Historia familiar -- |
| -- |
Historia científica -- |
| Información miscelánea |
Iconografía : |
| Título |
Iconografía familiar contemporánea -- |
| -- |
Iconografía profesional -- |
| -- |
Iconografía familiar moderna. |
| 600 14 - PUNTO DE ACCESO ADICIONAL DE MATERIA--NOMBRE DE PERSONA |
| Nombre de persona |
NOELTING JULIÁ, EMILIO DOMINGO, |
| Fechas asociadas al nombre |
1851-1922 |
| Subdivisión general |
FAMILIA |
| 9 (RLIN) |
54365 |
| 650 #4 - PUNTO DE ACCESO ADICIONAL DE MATERIA--TÉRMINO DE MATERIA |
| Término de materia o nombre geográfico como elemento de entrada |
Químicos |
| Subdivisión geográfica |
República Dominicana |
| 9 (RLIN) |
54366 |
| 651 #4 - PUNTO DE ACCESO ADICIONAL DE MATERIA--NOMBRE GEOGRÁFICO |
| Nombre geográfico |
República Dominicana |
| Subdivisión general |
Genealogía |
| 9 (RLIN) |
2157 |
| 830 #0 - PUNTO DE ACCESO ADICIONAL DE SERIE-TÍTULO UNIFORME |
| Título uniforme |
Fondo para la historia de la República Dominicana |
| Nombre de parte o sección de la obra |
B |
| Designación de volumen o secuencia |
2 |
| 9 (RLIN) |
54367 |
| 910 ## - DATOS DE OPCIÓN DEL USUARIO (OCLC) |
| Datos de opción del usuario |
Validado. Control de calidad EMS. |